00675nam a22001337a 4500003000400000005001700004008004100021040000900062082002600071100001300097245039000110260002800500300001300528OSt20150928105252.0150928b xxu||||| |||| 00| 0 eng d cRUA  aAGR LY 2013 B056 Or.1 aLY TYTY  aComparison of different fertilizer on yard long bean at crop station of royal university of agriculture, (ប្រៀបធៀបជីផ្សេងៗគ្នាលើដំណាំសណ្ដែកកួរ នៅក្នុងស្ថានីយ៍ពិសោធន៍ដំណាំ នៃសាកលវិទ្យាល័យភូមិន្ទកសិកម្ម) aphnom penh bRUA c2013 aix, 43p.